Представление документа в формате RUSMARC

ПолеНазваниеЗначение
  Тип записи a
  Библиографический уровень m
001 Контрольный номер RU/IS/BASE/312974627
005 Дата корректировки 20201206204706.9
010 Индекс ISBN __
a ISBN 978-5-49807-160-2
d Цена 160-00
101 Язык документа __
a Язык текста rus
c Язык оригинала rus
200 Заглавие и сведения об ответственности 1_
a Заглавие Хозяйственное (предпринимательское) право
e Сведения, относящиеся к заглавию учеб. для вузов
f Первые сведения об ответственности А. И. Балашов
b Общее обозначение материала Текст
210 Выходные данные __
a Место издания М. [и др.]
c Издательство Питер
d Дата издания 2009
215 Физическое описание __
a Объем 240 с.
225 Серия __
a Серия Краткий курс
320 Библиография __
a Библиография Список нормат. правовых актов и лит.: с. 227-231
330 Аннотация __
a Аннотация Рассматриваются основы хозяйственного (предпринимательского) права Российской Федерации: организационно-правовые формы хозяйствующих субъектов; правовой режим имущества предпринимателей; сделки и представительство; хозяйственный (предпринимательский) договор; государственное регулирование хозяйственной деятельности; защита прав и законных интересов предпринимателей.
606 Тематические рубрики __
a Основная рубрика Право
606 Тематические рубрики __
a Основная рубрика Отрасли права, смежные с гражданским правом
z Хронологическая подрубрика 21 в. нач.
y Географическая подрубрика РФ; Россия; Российская Федерация
610 Ключевые слова __
a Ключевые слова хозяйственное право; предпринимательское право; хозяйствующие субъекты; источники права; индивидуальные предприниматели; предпринимательство; частное предпринимательство; хозяйственные товарищества; хозяйственные объединения; хозяйственные общества; хозяйственные организации; государственные предприятия; государственные унитарные организации; производственные кооперативы; некоммерческие организации; некоммерческие объединения; коммерческие организации; банкротство; банкротство предприятий; банкротство организаций; банкротство малого бизнеса; правовой режим; государственное регулирование; государственное регулирование экономики; предпринимательские договоры; хозяйственные договоры; предпринимательская деятельность; защита прав
686 Индексы других классификаций __
a Классификационный индекс 67.404.91(2Рос)я73
700 Автор _1
a Фамилия Балашов
b Имя А. И.
g Полное личное имя Алексей Игоревич
4 Код отношения 070
801 Источник записи _0
a Страна RU
b Организация Муниципальное бюджетное учреждение культуры "Централизованная библиотечная система" г. Сургут (Центральная городская библиотека им. А. С. Пушкина)
g Правила каталогизации КиК/Поспелова
801 Источник записи _1
a Страна RU
b Организация Муниципальное бюджетное учреждение культуры "Централизованная библиотечная система" г. Сургут (Центральная городская библиотека им. А. С. Пушкина)
g Правила каталогизации КиК/Поспелова
852 Данные о местонахождении __
j Шифр хранения 67.404.91(2Рос)я73
c Каталожный индекс 67.404.91(2Рос)я73
i Авторский знак Б 20
901 Тип документа __
t Тип документа m
903 Характеристики (МАРС) __
a Дата передачи 20091217
969 Тип издания __
a Тип издания учебник
990 Данные о заказе (DOS) 00
j Количество экземпляров (DOS) 1
h N записи в КСУ для Б/У (DOS) 201001